00888nam a2200265 i 4500003000900000005001700009007000300026008004100029020001500070040003000085082001300115100003000128245003000158264005600188264001000244300004500254336002700299337003400326338002800360500007700388650004100465650005300506650003100559650003200590DO-SdBNP20240812154913.0ta240812s1972 xxuo 000 j spa d a0553121359 aDO-SdBNPbspacBNPHUerda bG738222 aGraham, Robin Lee.eautor10aDove /cRobin Lee Graham 1aNew York, Estados Unidos : bHarper & Row, c1972. 4c1978. a199 páginas, bfotografías c18 cm. 2rdacontentatextobtxt 2rdamediaasin mediación bn 2rdacarrieravolumenbnc aLa biblioteca posee la décimo séptima reimpresión (17) del 1978.  4aMarineroszCalifornia zBiografía. 4aChicos adolescentes |zCalifornia zBiografía. 4aNavegación en solitario. 4aViajes alrededor del mundo.